Gaming Quiz

Random Gaming Quiz

Call of Duty: Modern Warefare II Guns Quiz Stats

Quiz not verified by Sporcle

Challenge
Share
Tweet
http://videogames.techfresh.net/wp-content/uploads/2009/03/call_of_duty_4_modern_warfare.jpg
Score 0/43 Timer 15:00
0 Plays Today
Type of Weapon Answer % Correct
Assault RifleAK-47
85.8%
Assault RifleM4A1
74.8%
Sniper RifleIntervention
72.5%
Assault RifleFAMAS
68.3%
Assault RifleACR
67.9%
Riot ShieldRiot Shield
67.4%
Assault RifleSCAR-H
65.1%
HandgunDesert Eagle
64.7%
Sub Machine GunUMP45
62.8%
HandgunM9
61.5%
Sub Machine GunMP5K
61%
ShotgunSPAS-12
59.6%
Assault RifleTAR-21
58.3%
Sniper RifleBarrett .50cal
58.3%
Assault RifleM16A4
56.9%
Assault RifleF2000
56.9%
Assault RifleFAL
56%
Machine PistolG18
55.5%
Sniper RifleWA2000
54.1%
Sub Machine GunMini-Uzi
53.2%
ShotgunAA-12
53.2%
Sub Machine GunP90
51.4%
Type of Weapon Answer % Correct
HandgunUSP .45
51.4%
Light Machine GunRPD
50.9%
Sub Machine GunVector
48.2%
Sniper RifleM21 EBR
48.2%
Machine PistolPP2000
48.2%
ShotgunRanger
47.7%
Handgun.44 Magnum
47.2%
ShotgunModel 1887
45%
Machine PistolTMP
44.5%
ShotgunStriker
43.6%
ShotgunM1014
41.3%
Light Machine GunAug-HBAR
37.6%
Machine PistolM93 Raffica
37.2%
Light Machine GunM240
35.3%
Light Machine GunMG4
28%
Light Machine GunL86 LSW
26.1%
HandgunThumper
20.2%
HandgunStinger
19.3%
HandgunJavelin
19.3%
HandgunRPG-7
16.5%
HandgunAT4-Hs
13.8%

You're not logged in!

Compare scores with friends on all Sporcle quizzes.
Join for Free
OR
Log In

You Might Also Like...

Show Comments

Extras

Top Quizzes Today


Score Distribution

Your Account Isn't Verified!

In order to create a playlist on Sporcle, you need to verify the email address you used during registration. Go to your Sporcle Settings to finish the process.

Report this User

Report this user for behavior that violates our Community Guidelines.

Details: